Harry Potter - Jména - Statistics

General Stats
  • This quiz has been taken 5 times
  • The average score is 39 of 125
Answer Stats
Příjmení Jméno % Correct
Potter Harry
100%
Albus
75%
Weasley Arthur
75%
Pes Chloupek
75%
Domácí skřítkové Dobby
75%
Draco
75%
Fred
75%
George
75%
Ginny
75%
Hedvika
75%
James
75%
Láskoradovi Lenka
75%
Lily
75%
Mcgonagall Minerva
75%
Molly
75%
Lupin Remus
75%
Ron
75%
Hagrid Rubeus
75%
Snape Severus
75%
Black Sirius
75%
Tichošlápek
75%
Žába Trevor
75%
Krum Viktor
75%
Moody Alastor
50%
Akromantule Aragog
50%
Lestrange Bellatrix
50%
Charlie
50%
Dvanácterák
50%
Hypogrif Klofan
50%
Krvavý baron
50%
Malfoy Lucius
50%
Had Nagini
50%
Neville
50%
Paní Norrisová
50%
Tesák
50%
Tlustý mních
50%
Lord Voldemort
50%
Aberforth
25%
Potter 2. gen. Albus Severus
25%
Crarrow Alecto
25%
Longbottom Alice
25%
Spinetová Alicia
25%
Diggory Amos
25%
Johnsonová Angelina
25%
Ariana
25%
Augusta
25%
Sinistrová Aurora
25%
Skrk Barty ml.
25%
Barty st.
25%
Bill
25%
Cedric
25%
Červíček
25%
Umbridgeová Dolores
25%
Dudley
25%
Fénix Fawkes
25%
Kratiknot Filius
25%
Kentaur Firenze
25%
Delacour Fleur
25%
Frank
25%
Gabrielle
25%
Hugo
25%
James Sirius
25%
Bellová Katie
25%
Krátura
25%
Kočky Křivonožka
25%
Lily Lenka
25%
Louis
25%
Pytloun Ludo
25%
Marge
25%
Přezdívky Pobertů Náměsíčník
25%
Narcissa
25%
Drak Norbert
25%
Nymphadora
25%
Wood Oliver
25%
Brumbál Percival
25%
Percy
25%
Petunie
25%
Prýtová Pomona
25%
Pomfrey Poppy
25%
Poltergeist Protiva
25%
Rabastan
25%
Regulus
25%
Hoochová Rolanda
25%
Weasley 2. gen. Rose
25%
Brousek Rufus
25%
Malfoy 2. gen. Scorpius
25%
Tonks Ted
25%
Riddle Tom
25%
Ufňukaná Uršula
25%
Dursley Vernon
25%
Winky
25%
Xenophilius
25%
Lockhart Zlatoslav
25%
Amycus
0%
Andromeda
0%
Bane
0%
Binns Cuthbert
0%
Dominique
0%
Sovy Errol
0%
Skřet Griphook
0%
Hemes
0%
Hokey
0%
Pinceová Irma
0%
Kendra
0%
Pastorek Kingsley
0%
Brownová Levandule
0%
Lucy
0%
Magorian
0%
Merope
0%
Morfin
0%
Mosag
0%
Fletcher Mundungus
0%
Orion
0%
Phineas
0%
Puštík
0%
Rodolphus
0%
Gaunt Rojvol
0%
Roxane
0%
Šedá dáma
0%
Duchové Sir Nick
0%
Silnička Stan
0%
Trelawney Sybila
0%
Victoire
0%
Walburga
0%
No matching quizzes found
Score Distribution
Percent of People with Each Score
Percentile by Number Answered
Your Score History
You have not taken this quiz